Determinación del riesgo sísmico de la infraestructura educativa y de salud en la Península de Nicoya
Kaydedildi:
| Yazar: | |
|---|---|
| Diğer Yazarlar: | |
| Materyal Türü: | Kitap |
| Baskı/Yayın Bilgisi: |
San José, C.R.
1998
|
| Konular: | |
| Etiketler: |
Etiketle
Etiket eklenmemiş, İlk siz ekleyin!
|
MARC
| LEADER | 00000nam a2200000Ia 4500 | ||
|---|---|---|---|
| 003 | 008460 | ||
| 005 | 20221231144224.0 | ||
| 008 | 140114s1998 cr a m 000 ||s d | ||
| 040 | |c cru CEDI | ||
| 090 | |a TFG 3838 | ||
| 100 | |a Montealegre Castro, Juan Pablo |9 9073 | ||
| 245 | |a Determinación del riesgo sísmico de la infraestructura educativa y de salud en la Península de Nicoya | ||
| 260 | |c 1998 |a San José, C.R. | ||
| 300 | |a xii, 157, [140] hojas : ilustraciones a color | ||
| 500 | |a Proyecto de graduación (ingeniería civil)--Universidad de Costa Rica. Facultad de Ingeniería. Escuela de Ingeniería Civil | ||
| 650 | |x TERREMOTOS - NICOYA (GUANACASTE, COSTA RICA) |x DESASTRES NATURALES - COSTA RICA |x SISMOLOGIA - PENINSULA DE NICOYA (COSTA RICA) |9 9075 | ||
| 700 | |9 9074 |a Trezza Polini, Angelo | ||
| 942 | |c TFG | ||
| 999 | |c 18663 |d 18663 | ||
